000 01080nam a2200265 a 4500
001 39444
003 BD-RjUL
005 20211209053007.0
008 160411s2005 ii |||| |||| 00| 0 ben d
020 _a8177564528 (volume-2)
_c: TK. 440.00
035 _a(BD-RjUL)39557
040 _aBD-RjUL
_bben
_cBD-RjUL
041 _aben
082 _223
_a891.444
_bDUP 2005
100 _aদত্ত, অম্লান
_9119885
245 _aপ্রবন্ধ সংগ্রহ /
_cঅম্লান দত্ত ; আরতি সেন, গৌতম ভট্টাচার্য সম্পাদনা
260 _aকলকাতা :
_bআনন্দ পাবলিশার্স প্রাইভেট লিমিটেড,
_c২০০৫
300 _a খন্ড : ;
_c২১ সেমি.
505 _aখন্ড ২ --
650 _aবাংলা প্রবন্ধ
_9121585
650 _aBengali Essays
_9121586
700 _aসেন, আরতি
_9121582
700 _aভট্টাচার্য, গৌতম
_9121583
942 _2ddc
_cBK
999 _c39444
_d39444